China agriculture, countryside and peasants / (Record no. 39032)

MARC details
000 -LEADER
fixed length control field 00838nam a22002297a 4500
005 - DATE AND TIME OF LATEST TRANSACTION
control field 2010080306446.0
010 ## - LCCN (DPL NO)
LC control number ENG-97925
020 ## - INTERNATIONAL STANDARD BOOK NUMBER
International Standard Book Number 9788178311876
Terms of availability 650.00
035 ## - SYSTEM CONTROL NUMBER
System control number EN-81458
037 ## - SOURCE OF ACQUISITION
Source of stock number/acquisition DBAD/PUB
082 ## - DEWEY DECIMAL CLASSIFICATION NUMBER
Classification number 338.10951
100 ## - MAIN ENTRY--PERSONAL NAME
Personal name B. R. Deepak
245 ## - TITLE STATEMENT
Title China agriculture, countryside and peasants /
Statement of responsibility, etc by B. R. Deepak
260 ## - PUBLICATION, DISTRIBUTION, ETC. (IMPRINT)
Place of publication, distribution, etc New Delhi
Name of publisher, distributor, etc Manak Publications
Date of publication, distribution, etc 2010
270 ## - ADDRESS
Address B-7, Saraswati Complex, Subhash Chowk
City New Delhi
Postal code 110092
300 ## - PHYSICAL DESCRIPTION
Extent xviii, 181 p.
Dimensions 24cm (Hb)
500 ## - GENERAL NOTE
General note Includes bibliographical references and index
650 ## - SUBJECT ADDED ENTRY--TOPICAL TERM
Topical term or geographic name as entry element Agricuture
Form subdivision Economic aspects
700 ## - ADDED ENTRY--PERSONAL NAME
9 (RLIN) 4162
942 ## - ADDED ENTRY ELEMENTS (KOHA)
Source of classification or shelving scheme Dewey Decimal Classification
Item type English Books
Classification part 338.10951
Call number suffix BRD
Holdings
Withdrawn status Lost status Not for loan Collection code Home library Current library Date acquired Cost, normal purchase price Full call number Barcode Copy number Cost, replacement price Koha item type
    Not For Loan Non-fiction D.B.Act.Division D.B.Act.Division 03/08/2010 650.00 338.10951 BRD EN-81458 1 650.00 English Books

© Delhi Public Library
Hit Counter
free hit counter